Экономические последствия Версальского мирного договора / (Record no. 539240)
[ view plain ]
| 000 -LEADER | |
|---|---|
| fixed length control field | 01046nam a2200229 a 4500 |
| 003 - CONTROL NUMBER IDENTIFIER | |
| control field | AM-YEHGA |
| 005 - DATE AND TIME OF LATEST TRANSACTION | |
| control field | 20260123115045.0 |
| 008 - FIXED-LENGTH DATA ELEMENTS--GENERAL INFORMATION | |
| fixed length control field | 170801s1922 ru f||||r|||||001|0|rus|| |
| 040 ## - CATALOGING SOURCE | |
| Original cataloging agency | AM-YEHGA |
| 041 1# - LANGUAGE CODE | |
| Language code of text/sound track or separate title | rus |
| Language code of original | eng |
| 001 - CONTROL NUMBER | |
| control field | 1193181 |
| 100 1# - MAIN ENTRY--PERSONAL NAME | |
| Personal name | Кейнс, Джон Майнард |
| 245 10 - TITLE STATEMENT | |
| Title | Экономические последствия Версальского мирного договора / |
| Statement of responsibility, etc. | Дж.М.Кейнс; Пер. с англ. Д.П.Кончаловского; Предисл. к рус. изд. Ш.М.Дволайцкого |
| 260 ## - PUBLICATION, DISTRIBUTION, ETC. | |
| Place of publication, distribution, etc. | М. : |
| Name of publisher, distributor, etc. | Госиздат, |
| Date of publication, distribution, etc. | 1922. |
| 300 ## - PHYSICAL DESCRIPTION | |
| Extent | XIV, [1], 137 с. : |
| Other physical details | табл. ; |
| Dimensions | 27 см. |
| 504 ## - BIBLIOGRAPHY, ETC. NOTE | |
| Bibliography, etc. note | Библиогр. в подстроч. примеч. |
| 650 14 - SUBJECT ADDED ENTRY--TOPICAL TERM | |
| Topical term or geographic name entry element | Պատմություն |
| 650 14 - SUBJECT ADDED ENTRY--TOPICAL TERM | |
| Topical term or geographic name entry element | Համաշխարհային պատմություն |
| 9 (RLIN) | 5843 |
| 700 1# - ADDED ENTRY--PERSONAL NAME | |
| Personal name | Кончаловский, Дмитрий Петрович |
| Relator term | пер. |
| Relationship | trl |
| 700 1# - ADDED ENTRY--PERSONAL NAME | |
| Personal name | Дволайцкий, Шолом Моисеевич |
| Relator term | предисл. |
| Relationship | aui |
| 942 ## - ADDED ENTRY ELEMENTS (KOHA) | |
| Source of classification or shelving scheme | Universal Decimal Classification |
| Koha item type | Գրքեր / Books |
| Withdrawn status | Lost status | Damaged status | Not for loan | Collection | Home library | Current library | Date acquired | Total checkouts | Full call number | Barcode | Date last seen | Price effective from | Koha item type | Public note |
|---|---|---|---|---|---|---|---|---|---|---|---|---|---|---|
| Kusikian Individual Collection | Fundamental Scientific Library | Fundamental Scientific Library | 12/11/2025 | Кус/5478 | FL0699475 | 12/11/2025 | 05/12/2025 | Գրքեր / Books | ILL Non-Circ. |
ՀՀ Գիտությունների ազգային ակադեմիայի հիմնարար գիտական գրադարան = Fundamental Scientific Library of NAS RA
All site content, except where otherwise noted, is licensed under a